00335nam a2200133 a 4500008004100000050002000041100001800061245004600079260002500125300002100150350000900171650001000180650001100190120416s1979 ||||||||||||||||| || u aQK 625.A1C6 Col aCole, Garry T10aPatterns of development in conidial fungi aLondonbPitmanc1979 axi, 190p. : ill. a0.00 aFungi aPLANTS